000 00576nam a2200229Ia 4500
003 OSt
005 20220924150522.0
006 a|||||r|||| 00| 0
007 ta
008 220923b |||||||| |||| 00| 0 tel d
024 _a333511
037 _cTextual
040 _aARTS
_cARTS
_btel
041 _2tel
_atel
082 _aO35,1M93,7, J3
100 _aSatya Narayana
_9222319
245 0 _aMa swami rurd samharam
260 _c1953
650 _aTELUGU POETRY
942 _hO35,1M93,7, J3
_cTEXL
_2CC
999 _c463644
_d463644